[Event "5ème open de Provence (B)"]
[Site "Salon de Provence"]
[Date "2014.??.??"]
[Round "6.3"]
[White "Maccagnan, Tomas"]
[Black "Goeau, Loic"]
[Result "0-1"]
[WhiteElo "1679"]
[BlackElo "1651"]
[PlyCount "56"]
[EventDate "2014.??.??"]

1. e4 c5 2. Nf3 d6 3. d4 cxd4 4. Nxd4 Nc6 5. Nc3 g6 6. Be3 Bg7 7. Bc4 Nf6 8. f3
Bd7 9. Qd2 Ne5 10. Bb3 Rc8 11. O-O-O Nc4 12. Bxc4 Rxc4 13. h4 h5 14. Rdg1 Qc8
15. Nde2 b6 16. Bg5 b5 17. Nf4 Nh7 18. Nfd5 Nxg5 19. Qxg5 Bh6 20. Qxh6 Rxh6 21.
g4 b4 22. gxh5 Rxh5 23. Rg5 bxc3 24. b3 Rd4 25. Rxh5 gxh5 26. Rg1 Kf8 27. Rg5
Qc5 28. b4 Rxd5 0-1

[Event "5ème open de Provence (B)"]
[Site "Salon de Provence"]
[Date "2014.??.??"]
[Round "6.4"]
[White "Mazzella, Enzo"]
[Black "Porte, Jacques"]
[Result "1-0"]
[WhiteElo "1554"]
[BlackElo "1487"]
[PlyCount "79"]
[EventDate "2014.??.??"]

1. e4 c5 2. d4 cxd4 3. c3 dxc3 4. Nxc3 e5 5. Nf3 Nc6 6. Bc4 Be7 7. Qd5 Nh6 8.
Bxh6 O-O 9. Be3 Nb4 10. Qd2 d6 11. O-O Qc7 12. Bb3 Bd7 13. Rac1 Qb8 14. Nd5
Nxd5 15. Bxd5 Bb5 16. Rfd1 Ba6 17. Bc4 Bxc4 18. Rxc4 b6 19. Rdc1 Re8 20. Qd5 h6
21. Rc7 Qd8 22. Qb7 Qb8 23. Rxe7 Rxe7 24. Qxe7 Qd8 25. Qxd8+ Rxd8 26. Rc7 d5
27. exd5 Rxd5 28. h3 e4 29. Nd2 Rb5 30. b3 a5 31. Rb7 a4 32. Rxb6 Rd5 33. bxa4
Ra5 34. Rb4 f5 35. Nc4 Ra6 36. a5 g5 37. Rb6 Ra8 38. g3 Rc8 39. a6 Ra8 40. a7
1-0

[Event "5ème open de Provence (B)"]
[Site "Salon de Provence"]
[Date "2014.??.??"]
[Round "6.6"]
[White "Cavanihac, Claude"]
[Black "Misene, Milan"]
[Result "0-1"]
[WhiteElo "1535"]
[BlackElo "1410"]
[PlyCount "122"]
[EventDate "2014.??.??"]

1. d4 Nf6 2. c4 d6 3. Nc3 g6 4. e4 Bg7 5. Nf3 O-O 6. Be2 e5 7. dxe5 dxe5 8.
Qxd8 Rxd8 9. Nxe5 Nxe4 10. Nxe4 Bxe5 11. O-O Nc6 12. Bg5 Rf8 13. Nf6+ Kg7 14.
Nd5 Re8 15. Bd1 h6 16. Be3 Ne7 17. Nc3 b6 18. Ba4 Rd8 19. Rad1 Bb7 20. f4 Bf6
21. g4 Bc6 22. Bxc6 Nxc6 23. Nd5 Bxb2 24. Nxc7 Rac8 25. Nd5 Re8 26. Kf2 Re4 27.
Rd2 Bd4 28. Bxd4+ Rxd4 29. Rxd4 Nxd4 30. Rc1 Re8 31. Ne3 Re4 32. f5 gxf5 33.
Nxf5+ Nxf5 34. gxf5 Rf4+ 35. Ke3 Rxf5 36. Rc2 Kf6 37. Rd2 Ke7 38. Ke4 Rc5 39.
Kd4 f5 40. Re2+ Kf7 41. Re3 Rc7 42. Ra3 Kf6 43. Rd3 Rd7+ 44. Ke3 Re7+ 45. Kd4
Re4+ 46. Kd5 Kg5 47. Rg3+ Rg4 48. Re3 f4 49. Re7 f3 50. Rg7+ Kf4 51. Rf7+ Ke3
52. Re7+ Kf2 53. Rxa7 Kg2 54. Rf7 f2 55. a4 f1=Q 56. Rxf1 Kxf1 57. a5 bxa5 58.
c5 Rg5+ 59. Kd6 a4 60. c6 Rg6+ 61. Kd5 Rxc6 0-1

[Event "5ème open de Provence (B)"]
[Site "Salon de Provence"]
[Date "2014.??.??"]
[Round "6.7"]
[White "Chabaud, Philippe"]
[Black "Mars, Fiona"]
[Result "1-0"]
[WhiteElo "1480"]
[BlackElo "1517"]
[PlyCount "69"]
[EventDate "2014.??.??"]

1. d4 Nf6 2. c4 g6 3. Nc3 Bg7 4. e4 d6 5. f3 O-O 6. Be3 e5 7. d5 Nbd7 8. Bd3
Nc5 9. Bc2 a5 10. Nge2 Nh5 11. O-O f5 12. Qd2 f4 13. Bf2 g5 14. Bxc5 dxc5 15.
Nb5 Rf7 16. Rfd1 Bf8 17. d6 cxd6 18. Nxd6 Rd7 19. Qd5+ Kh8 20. Nf7+ Kg7 21.
Nxd8 Rxd5 22. Rxd5 Kf6 23. Rad1 g4 24. Ba4 gxf3 25. gxf3 Ng7 26. b3 Be7 27. Bd7
Ne6 28. Nxe6 Bxd7 29. Rxd7 Rg8+ 30. Kf2 Kxe6 31. Rxb7 Bh4+ 32. Kf1 h5 33. Rh7
Kf6 34. Rxh5 Bg5 35. h4 1-0

[Event "5ème open de Provence (B)"]
[Site "Salon de Provence"]
[Date "2014.??.??"]
[Round "6.8"]
[White "Faillat, Alois"]
[Black "Maccagno, Gilbert"]
[Result "1-0"]
[WhiteElo "1477"]
[BlackElo "1463"]
[PlyCount "65"]
[EventDate "2014.??.??"]

1. e4 c5 2. Nf3 d6 3. d4 cxd4 4. Nxd4 Nf6 5. Nc3 a6 6. Be3 Nbd7 7. f3 g6 8. Qd2
Bg7 9. Bc4 O-O 10. O-O-O Qc7 11. Bb3 Ne5 12. Kb1 Nc4 13. Bxc4 Qxc4 14. h4 h5
15. Rdg1 Bd7 16. Bg5 Rfe8 17. g3 Nxe4 18. Nxe4 Bxd4 19. Re1 Bg7 20. Qf4 Rac8
21. c3 Bf5 22. Ka1 Bxe4 23. fxe4 Rc6 24. g4 Bxc3 25. gxh5 gxh5 26. Rhg1 Qe6 27.
Ref1 Rc5 28. Bh6+ Bg7 29. Rxg7+ Kh8 30. Rfg1 Rec8 31. R7g6 Qe5 32. Bg7+ Kg8 33.
Bf6+ 1-0

[Event "5ème open de Provence (B)"]
[Site "Salon de Provence"]
[Date "2014.??.??"]
[Round "6.9"]
[White "Billon-Blouin, Colin"]
[Black "Frailinu, Jean-Bernard"]
[Result "0-1"]
[WhiteElo "1284"]
[BlackElo "1574"]
[PlyCount "80"]
[EventDate "2014.??.??"]

1. e4 e6 2. d4 d5 3. Nc3 Nf6 4. Bg5 Be7 5. e5 Nfd7 6. Bxe7 Qxe7 7. Qg4 O-O 8.
Bd3 f5 9. Qh3 c5 10. Qe3 cxd4 11. Qxd4 Nc6 12. Qf4 Ndxe5 13. O-O-O Ng6 14. Qd2
Bd7 15. Nf3 a6 16. h4 Qf6 17. Bc4 Rad8 18. Ng5 dxc4 19. h5 Bc8 20. Qe3 Rxd1+
21. Rxd1 Nge5 22. f4 Ng4 23. Qe2 h6 24. Nf3 Rd8 25. Re1 b5 26. Ne5 Ncxe5 27.
fxe5 Qf7 28. Rd1 Qe8 29. Qf3 Rd7 30. Rd6 Nxe5 31. Qd1 Nf7 32. Rxd7 Qxd7 33. Qe1
Bb7 34. g3 Qd6 35. Ne2 Bf3 36. Qf2 Bxh5 37. Nd4 Bg4 38. Qe3 e5 39. Ne2 Ng5 40.
Nc3 Qd4 0-1

[Event "5ème open de Provence (B)"]
[Site "Salon de Provence"]
[Date "2014.??.??"]
[Round "6.10"]
[White "Ulloa, Philippe"]
[Black "Villevieille, Lucas"]
[Result "1-0"]
[WhiteElo "1443"]
[BlackElo "1338"]
[PlyCount "107"]
[EventDate "2014.??.??"]

1. d4 Nf6 2. c4 g6 3. Nc3 Bg7 4. e4 d6 5. h3 O-O 6. Bd3 e5 7. d5 a5 8. Nf3 Na6
9. a3 Nc5 10. Bc2 Nfd7 11. Ng5 h6 12. Nf3 f5 13. Bd2 f4 14. b4 axb4 15. axb4
Rxa1 16. Qxa1 Na6 17. Na4 Nf6 18. b5 Nb8 19. Qb1 b6 20. Nc3 Nbd7 21. Na2 g5 22.
Nb4 Bb7 23. Qd1 Nc5 24. Qe2 Qe7 25. Nh2 Ra8 26. O-O Bc8 27. f3 h5 28. Nc6 Qe8
29. Be1 Nfd7 30. g4 h4 31. Bf2 Nb7 32. Rb1 Ndc5 33. Qd1 Bd7 34. Nb4 Bc8 35. Nf1
Na5 36. Ra1 Bd7 37. Nd2 Kf8 38. Bxc5 bxc5 39. Na6 Nb7 40. Nxc7 Rxa1 41. Qxa1
Qd8 42. b6 Kf7 43. Qa7 Qc8 44. Nb1 Ke7 45. Nc3 Kd8 46. Ba4 Bxa4 47. Qxa4 Ke7
48. Qa6 Kd7 49. N3b5 Nd8 50. Qa4 Ke7 51. Na7 Qd7 52. Qa6 Kf7 53. Ncb5 Qb7 54.
Nxd6+ 1-0

[Event "5ème open de Provence (B)"]
[Site "Salon de Provence"]
[Date "2014.??.??"]
[Round "6.11"]
[White "Achard-Rozan, Celian"]
[Black "Brenon, Stephane"]
[Result "1-0"]
[WhiteElo "1330"]
[BlackElo "1360"]
[PlyCount "95"]
[EventDate "2014.??.??"]

1. e4 c5 2. c3 d6 3. d4 cxd4 4. cxd4 Nf6 5. Nc3 Qc7 6. Nf3 g6 7. Bf4 Bg4 8. Be2
Bxf3 9. Bxf3 Nbd7 10. Qd2 Bg7 11. Bh6 O-O 12. h4 e5 13. d5 Qc4 14. h5 Nc5 15.
Bxg7 Nd3+ 16. Kd1 Kxg7 17. hxg6 Nf4 18. gxh7 Nxh7 19. g3 Qd3 20. Be2 Qxd2+ 21.
Kxd2 Nxe2 22. Nxe2 f5 23. f3 fxe4 24. fxe4 Ng5 25. Nc3 Nf3+ 26. Ke3 Nd4 27.
Raf1 Rxf1 28. Rxf1 Nc2+ 29. Kd2 Nd4 30. Ne2 Nb5 31. Rc1 Rh8 32. a4 Nd4 33. Nxd4
exd4 34. Kd3 Rh3 35. Kxd4 Rxg3 36. Rc7+ Kf6 37. Rxb7 Rg2 38. b4 Rg5 39. Rd7 a5
40. b5 Rg1 41. Rxd6+ Ke7 42. Ra6 Rd1+ 43. Ke5 Rc1 44. b6 Re1 45. d6+ Kd7 46.
Ra7+ Kc6 47. d7 Rd1 48. d8=Q 1-0

[Event "5ème open de Provence (B)"]
[Site "Salon de Provence"]
[Date "2014.??.??"]
[Round "6.12"]
[White "Boghossian, Hugo"]
[Black "Loi, Emmanuel"]
[Result "0-1"]
[WhiteElo "1344"]
[BlackElo "1271"]
[PlyCount "58"]
[EventDate "2014.??.??"]

1. e4 c5 2. Nc3 e6 3. Nf3 Be7 4. Bc4 Nc6 5. d3 Nf6 6. O-O O-O 7. e5 Ne8 8. Bb5
Nb4 9. a3 Nd5 10. Nxd5 exd5 11. c3 Nc7 12. Ba4 b5 13. Bc2 Ne6 14. Be3 Bb7 15.
Nd2 d4 16. Bh6 gxh6 17. cxd4 Nxd4 18. b4 d6 19. exd6 Qxd6 20. bxc5 Qc6 21. f3
Bxc5 22. Ne4 Nxc2+ 23. Nxc5 Qxc5+ 24. Rf2 Nxa1 25. Qxa1 Rad8 26. Qa2 Rd6 27. g4
Rfd8 28. g5 h5 29. f4 Rxd3 0-1

[Event "5ème open de Provence (B)"]
[Site "Salon de Provence"]
[Date "2014.??.??"]
[Round "6.13"]
[White "Grima-Flores, Jose"]
[Black "Goeau, Aurelice"]
[Result "1/2-1/2"]
[WhiteElo "1340"]
[BlackElo "1232"]
[PlyCount "82"]
[EventDate "2014.??.??"]

1. e4 c5 2. Nf3 d6 3. d4 cxd4 4. Qxd4 Nc6 5. Bb5 Bd7 6. Bxc6 Bxc6 7. c4 Nf6 8.
Nc3 g6 9. O-O Bg7 10. Rd1 O-O 11. Qd3 Nd7 12. Nd4 Ne5 13. Qe2 Rc8 14. b3 a6 15.
a4 Qb6 16. Rb1 e6 17. Be3 Qd8 18. f4 Nd7 19. b4 Nb6 20. b5 axb5 21. axb5 Be8
22. Rb4 d5 23. exd5 exd5 24. Nxd5 Nxd5 25. cxd5 Qxd5 26. Nc6 Qe6 27. Nd4 Bxd4
28. Rdxd4 Rc1+ 29. Kf2 Rc8 30. Re4 Qf6 31. g3 Bd7 32. Bd4 Qf5 33. Re5 Qg4 34.
Rc5 Qxe2+ 35. Kxe2 Bg4+ 36. Kf2 Rxc5 37. Bxc5 Rc8 38. Bd4 Rc2+ 39. Kg1 Rc1+ 40.
Kf2 Rc2+ 41. Kg1 Rc1+ 1/2-1/2

[Event "5ème open de Provence (B)"]
[Site "Salon de Provence"]
[Date "2014.??.??"]
[Round "6.14"]
[White "Philippe, Alexis"]
[Black "Pietrac, Christian"]
[Result "1/2-1/2"]
[WhiteElo "1420"]
[BlackElo "1214"]
[PlyCount "102"]
[EventDate "2014.??.??"]

1. d4 d5 2. c4 Nf6 3. Nc3 c6 4. Nf3 Bf5 5. Bf4 e6 6. a3 Bd6 7. Bxd6 Qxd6 8. Qb3
Qe7 9. cxd5 Nxd5 10. Nxd5 exd5 11. e3 O-O 12. Be2 b6 13. O-O Be4 14. Rac1 Rc8
15. Bd1 f6 16. Nd2 Bg6 17. Bc2 f5 18. Rfe1 Nd7 19. e4 Qf6 20. exf5 Bxf5 21.
Bxf5 Qxf5 22. Qc3 Qf6 23. b4 Nf8 24. Nf3 Ne6 25. Re3 Rc7 26. Rce1 Re8 27. Ne5
Rec8 28. Nd7 Rxd7 29. Rxe6 Qf7 30. Rxc6 Rdc7 31. Rxc7 Rxc7 32. Qb3 h6 33. h3
Kh7 34. Qd3+ g6 35. g3 Qf6 36. Kg2 h5 37. Re5 Qf7 38. Qf3 Qxf3+ 39. Kxf3 Rc3+
40. Kg2 Rxa3 41. Rxd5 Kh6 42. Rd7 Rd3 43. h4 a5 44. bxa5 bxa5 45. Ra7 Rxd4 46.
Rxa5 Rd3 47. Kg1 Rf3 48. Kg2 Rb3 49. Rd5 Ra3 50. Rd2 Ra4 51. Kf3 Rg4 1/2-1/2

[Event "5ème open de Provence (B)"]
[Site "Salon de Provence"]
[Date "2014.??.??"]
[Round "6.15"]
[White "Goeau, Philibert"]
[Black "Hassid, Samuel"]
[Result "0-1"]
[WhiteElo "1308"]
[BlackElo "1153"]
[PlyCount "156"]
[EventDate "2014.??.??"]

1. d4 d5 2. c4 c6 3. Nc3 Nf6 4. Nf3 e6 5. Bf4 Nbd7 6. e3 Be7 7. Bd3 dxc4 8.
Bxc4 b5 9. Bd3 O-O 10. O-O Bb7 11. Qc2 h6 12. Rac1 Rc8 13. h3 Re8 14. Qe2 a5
15. a3 a4 16. Rc2 Nd5 17. Bg3 Nxc3 18. Rxc3 Bf6 19. Rc2 e5 20. dxe5 Nxe5 21.
Nxe5 Bxe5 22. Rd1 Qg5 23. Bxe5 Qxe5 24. Rcd2 Qg5 25. Qf3 Qe7 26. Qg3 g6 27. Bb1
Red8 28. Ba2 Rxd2 29. Rxd2 Rd8 30. Rxd8+ Qxd8 31. Qf3 Qe7 32. Qf4 Kg7 33. Bb1
Qf6 34. Qc7 Qxb2 35. Bxg6 Qc1+ 36. Kh2 Kxg6 37. Qxb7 c5 38. Qxb5 Qxa3 39. Qc4
Qb4 40. Qc2+ Kg7 41. Kg3 a3 42. f4 c4 43. Qe4 a2 44. Qd4+ Kf8 45. Qd8+ Kg7 46.
Qd4+ Kh7 47. Qe4+ Kg7 48. Qd4+ Kg6 49. Qe4+ f5 50. Qe6+ Kg7 51. Qe5+ Kf8 52.
Qxf5+ Ke8 53. Qe6+ Qe7 54. Qc8+ Kf7 55. Qxc4+ Qe6 56. Qc7+ Kg8 57. Qd8+ Kh7 58.
Qc7+ Kh8 59. Qd8+ Qg8+ 60. Qxg8+ Kxg8 61. Kg4 a1=Q 62. Kf5 Kg7 63. h4 Qf6+ 64.
Kg4 Qg6+ 65. Kf3 h5 66. g3 Qg4+ 67. Kg2 Kf6 68. Kf2 Kf5 69. Kg2 Ke4 70. Kf2
Qf3+ 71. Kg1 Qxg3+ 72. Kf1 Qxe3 73. f5 Qf4+ 74. Kg2 Qxf5 75. Kg3 Qf3+ 76. Kh2
Qg4 77. Kh1 Kf3 78. Kh2 Qg2# 0-1

[Event "5ème open de Provence (B)"]
[Site "Salon de Provence"]
[Date "2014.??.??"]
[Round "6.16"]
[White "Hervy, Daniel"]
[Black "Graccione, Angele"]
[Result "1-0"]
[WhiteElo "1310"]
[BlackElo "1040"]
[PlyCount "93"]
[EventDate "2014.??.??"]

1. e4 c5 2. Nf3 Nc6 3. d4 cxd4 4. Nxd4 e6 5. a3 Nf6 6. Nc3 a6 7. Bc4 Na5 8. Ba2
Be7 9. O-O O-O 10. Re1 b5 11. b3 Bb7 12. Nb1 Bxe4 13. f3 Bb7 14. Be3 Qc7 15.
Qd3 Nd5 16. Nd2 Nc3 17. b4 Nxa2 18. Rxa2 Nc4 19. Qc3 Rfc8 20. Bf2 Nxd2 21. Qxd2
Bd5 22. Rb2 Qc3 23. Qxc3 Rxc3 24. Ne2 Rxa3 25. Nf4 Bf6 26. Rbb1 Bc3 27. Re3 Ba2
28. Rd1 Bxb4 29. Rxa3 Bxa3 30. Ra1 e5 31. Rxa2 Bc1 32. Nd5 Kf8 33. Bc5+ Ke8 34.
Nc7+ Kd8 35. Nxa8 f5 36. Rxa6 f4 37. Bd6 Be3+ 38. Kf1 Bd4 39. Nb6 Ke8 40. Ra8+
Kf7 41. Nxd7 Ke6 42. Nc5+ Kxd6 43. Ne4+ Kd5 44. Ke2 h6 45. Kd3 g5 46. Rh8 b4
47. Rxh6 1-0

[Event "5ème open de Provence (B)"]
[Site "Salon de Provence"]
[Date "2014.??.??"]
[Round "7.1"]
[White "Goeau, Loic"]
[Black "Noireaut, Hoan"]
[Result "0-1"]
[WhiteElo "1651"]
[BlackElo "1674"]
[PlyCount "72"]
[EventDate "2014.??.??"]

1. e4 d6 2. d4 Nf6 3. Bd3 g6 4. Nf3 Bg7 5. Bg5 Nbd7 6. c3 Nh5 7. Be3 Nhf6 8.
Na3 a6 9. Qb3 O-O 10. O-O e5 11. Nc4 Qe8 12. Na5 Rb8 13. Nc6 bxc6 14. Qc2 Ng4
15. Bd2 c5 16. h3 Ngf6 17. Be3 Bb7 18. Nd2 Nh5 19. d5 Nb6 20. b3 Bc8 21. Be2 f5
22. Bxh5 gxh5 23. f3 Qg6 24. Kh2 Bd7 25. Rg1 fxe4 26. fxe4 Nxd5 27. Nc4 Nxe3
28. Nxe3 Bc6 29. Nf5 Rf7 30. g4 Kh8 31. gxh5 Qxh5 32. Qg2 Bh6 33. Nxh6 Qxh6 34.
Rae1 Rbf8 35. Qg4 Rf4 36. Ref1 Rxf1 0-1

[Event "5ème open de Provence (B)"]
[Site "Salon de Provence"]
[Date "2014.??.??"]
[Round "7.2"]
[White "Telouk, Olivier"]
[Black "Billon-Blouin, Alec"]
[Result "0-1"]
[WhiteElo "1550"]
[BlackElo "1579"]
[PlyCount "81"]
[EventDate "2014.??.??"]

1. c4 Nf6 2. Nc3 g6 3. Nf3 Bg7 4. g3 O-O 5. Bg2 d6 6. O-O Nc6 7. d3 Bg4 8. h3
Bd7 9. e4 Qc8 10. Kh2 Na5 11. Re1 e5 12. b4 Nc6 13. a3 Nh5 14. Nd5 Qd8 15. Nh4
Ne7 16. Ne3 Qc8 17. Ra2 Be6 18. Rc2 b5 19. Bb2 a5 20. Qe2 axb4 21. axb4 Ra4 22.
Bc3 bxc4 23. dxc4 Nf6 24. f4 Nc6 25. f5 Bd7 26. b5 Nd4 27. Bxd4 exd4 28. Ng4
gxf5 29. Nxf6+ Bxf6 30. Qh5 Re8 31. Rf2 Re5 32. Qh6 Bg7 33. Qf4 Rxc4 34. g4
Rxb5 35. Bf1 Be5 36. Qxe5 Rxe5 37. Bxc4 Rc5 38. Rc1 Rc6 39. Nxf5 Kh8 40. Nxd4
Rxc4 41. Rxc4 0-1

[Event "5ème open de Provence (B)"]
[Site "Salon de Provence"]
[Date "2014.??.??"]
[Round "7.3"]
[White "Baroyan, Davit"]
[Black "Mazzella, Enzo"]
[Result "1/2-1/2"]
[WhiteElo "1654"]
[BlackElo "1554"]
[PlyCount "85"]
[EventDate "2014.??.??"]

1. d4 Nf6 2. c4 g6 3. Nc3 d5 4. cxd5 Nxd5 5. Bd2 Bg7 6. e4 Nxc3 7. Bxc3 O-O 8.
Nf3 c6 9. Bc4 Bg4 10. Be2 Nd7 11. h3 Bxf3 12. Bxf3 c5 13. d5 Bxc3+ 14. bxc3 Qa5
15. Qc2 b5 16. Kf1 c4 17. g4 Qc7 18. Qd2 Qe5 19. Qe3 Rac8 20. Bg2 g5 21. h4 f6
22. Rd1 Nc5 23. Kg1 Rc7 24. d6 exd6 25. Rd5 Qf4 26. hxg5 Qxe3 27. fxe3 fxg5 28.
Rxg5+ Rg7 29. Rhh5 Rxg5 30. Rxg5+ Kf7 31. e5 dxe5 32. Rxe5 Na4 33. Rxb5 Nxc3
34. Rc5 Nd1 35. Rxc4 Nxe3 36. Rc7+ Kg6 37. Rxa7 Rf4 38. Ra3 Nxg2 39. Kxg2 Rxg4+
40. Rg3 Rxg3+ 41. Kxg3 Kf5 42. Kh4 Ke5 43. a4 1/2-1/2

[Event "5ème open de Provence (B)"]
[Site "Salon de Provence"]
[Date "2014.??.??"]
[Round "7.4"]
[White "Salvi, Michel"]
[Black "Chabaud, Philippe"]
[Result "1-0"]
[WhiteElo "1626"]
[BlackElo "1480"]
[PlyCount "27"]
[EventDate "2014.??.??"]

1. e4 e6 2. d4 d5 3. Nd2 c5 4. exd5 exd5 5. Bb5+ Bd7 6. Bxd7+ Qxd7 7. Ngf3 Nf6
8. Nb3 c4 9. Nc5 Bxc5 10. dxc5 O-O 11. Be3 Qb5 12. O-O Nc6 13. Nd4 Ne4 14. Nxb5
1-0

[Event "5ème open de Provence (B)"]
[Site "Salon de Provence"]
[Date "2014.??.??"]
[Round "7.5"]
[White "Misene, Milan"]
[Black "Ulloa, Philippe"]
[Result "0-1"]
[WhiteElo "1410"]
[BlackElo "1443"]
[PlyCount "122"]
[EventDate "2014.??.??"]

1. e4 e5 2. Nf3 d6 3. h3 Nf6 4. Nc3 Be7 5. d4 exd4 6. Nxd4 c5 7. Nf3 h6 8. Bc4
O-O 9. O-O a6 10. a4 Nc6 11. Nd5 Nxe4 12. Nxe7+ Nxe7 13. Re1 d5 14. Bd3 Bf5 15.
Qe2 Re8 16. Nh4 Bh7 17. Qg4 Kh8 18. f3 Nf6 19. Qg3 Qb6 20. Kh1 Qa5 21. Bxh7
Kxh7 22. c3 d4 23. Bd2 c4 24. Re5 Qc7 25. Rae1 Nfd5 26. Qg4 Nf6 27. Qxd4 Rad8
28. Qf2 Rd3 29. Qe2 Nfg8 30. Qe4+ g6 31. Bxh6 Kxh6 32. Qf4+ Kg7 33. g4 Qc6 34.
g5 b5 35. Qe4 Qd7 36. Kh2 Qd6 37. f4 Qd7 38. Rxe7 Qxh3+ 39. Kg1 Rg3+ 40. Kf2
Nxe7 41. Qe5+ Kg8 42. Re3 Qh2+ 43. Ng2 Qxg2+ 44. Ke1 Qg1+ 45. Kd2 Rxe3 46. Qxe3
Qxe3+ 47. Kxe3 Nf5+ 48. Kf3 Re3+ 49. Kf2 Rd3 50. Ke2 Ng3+ 51. Kf2 bxa4 52. Kg2
Nh5 53. Kf2 Nxf4 54. Kf1 Rd2 55. Ke1 Rxb2 56. Kd1 a3 57. Kc1 Nd3+ 58. Kd1 Nc5
59. Kc1 Nb3+ 60. Kd1 a2 61. Ke1 a1=Q# 0-1

[Event "5ème open de Provence (B)"]
[Site "Salon de Provence"]
[Date "2014.??.??"]
[Round "7.6"]
[White "Frailinu, Jean-Bernard"]
[Black "Faillat, Alois"]
[Result "0-1"]
[WhiteElo "1574"]
[BlackElo "1477"]
[PlyCount "125"]
[EventDate "2014.??.??"]

1. c4 c5 2. Nf3 Nf6 3. Nc3 Nc6 4. g3 g6 5. Bg2 Bg7 6. O-O O-O 7. d3 d6 8. Bd2
Bd7 9. a3 a6 10. Rb1 Rb8 11. b4 cxb4 12. axb4 b5 13. cxb5 axb5 14. Qc2 Qc7 15.
Rfc1 Rfc8 16. Ne4 Nxe4 17. dxe4 Qd8 18. Qd3 Ne5 19. Nxe5 Bxe5 20. f4 Bg7 21.
Rf1 e6 22. Qxd6 Qb6+ 23. Qxb6 Rxb6 24. Be3 Rbc6 25. e5 Rc4 26. Rfd1 Bc6 27. Bf1
Bf8 28. Bd2 Rd8 29. e3 Rc2 30. Be1 Rxd1 31. Rxd1 Be7 32. Rb1 Be4 33. Rd1 Bc6
34. Rd4 Kg7 35. g4 Rb2 36. g5 Kf8 37. Bd2 Kg7 38. Bg2 Bxg2 39. Kxg2 Bxb4 40.
Rxb4 Rxd2+ 41. Kg3 Rd5 42. h4 Rc5 43. Kg4 Rd5 44. Rb3 Rc5 45. h5 gxh5+ 46. Kxh5
Rd5 47. e4 Rd4 48. Rxb5 Rxe4 49. Kg4 h5+ 50. Kf3 Ra4 51. Rb2 Ra3+ 52. Kg2 Kg6
53. Rf2 Kf5 54. Kh2 Kg4 55. f5 exf5 56. g6 fxg6 57. Rg2+ Kf4 58. e6 g5 59. Re2
Ra8 60. e7 Re8 61. Re6 h4 62. Kh3 g4+ 63. Kxh4 0-1

[Event "5ème open de Provence (B)"]
[Site "Salon de Provence"]
[Date "2014.??.??"]
[Round "7.7"]
[White "Mars, Fiona"]
[Black "Maccagnan, Tomas"]
[Result "1-0"]
[WhiteElo "1517"]
[BlackElo "1679"]
[PlyCount "75"]
[EventDate "2014.??.??"]

1. e4 e6 2. d4 d5 3. Nd2 Nf6 4. e5 Nfd7 5. Bd3 c5 6. c3 Nc6 7. Ne2 cxd4 8. cxd4
f6 9. Nf4 fxe5 10. Nxe6 Qb6 11. dxe5 Ndxe5 12. Nf4 Nb4 13. Qh5+ Ng6 14. Bxg6+
hxg6 15. Qxg6+ Qxg6 16. Nxg6 Bf5 17. Nxh8 Nc2+ 18. Kd1 Nxa1 19. Re1+ Kd7 20.
Re5 Bc2+ 21. Ke2 Bd6 22. Rxd5 Rxh8 23. Nc4 Re8+ 24. Kf1 b5 25. Nxd6 Re6 26.
Nxb5+ Kc6 27. Nc3 Be4 28. Rd4 Bg6 29. f3 Nc2 30. Rc4+ Kb7 31. Ne4 Bxe4 32. fxe4
Rc6 33. Rxc6 Kxc6 34. Ke2 Kc5 35. Be3+ Nxe3 36. Kxe3 Kd6 37. g4 Ke5 38. h4 1-0

[Event "5ème open de Provence (B)"]
[Site "Salon de Provence"]
[Date "2014.??.??"]
[Round "7.8"]
[White "Maccagno, Gilbert"]
[Black "Cavanihac, Claude"]
[Result "1/2-1/2"]
[WhiteElo "1463"]
[BlackElo "1535"]
[PlyCount "114"]
[EventDate "2014.??.??"]

1. d4 Nf6 2. c4 c6 3. Nc3 d5 4. e3 e6 5. Bd3 dxc4 6. Bxc4 Be7 7. Nf3 Nbd7 8.
O-O O-O 9. Bb3 b5 10. Bc2 a5 11. Bd2 Ba6 12. Re1 Qc7 13. Ne4 Nd5 14. Bd3 h6 15.
Qe2 Qb7 16. Rec1 f5 17. Nc3 Nb4 18. Bb1 c5 19. a3 Nd5 20. Nxd5 exd5 21. Qe1 a4
22. Bc2 Rae8 23. dxc5 Bxc5 24. Bc3 f4 25. Bd4 Bxd4 26. Nxd4 fxe3 27. fxe3 Ne5
28. Qg3 Nc4 29. Re1 Re5 30. Qg6 Rf6 31. Qh7+ Kf8 32. Rf1 Nxe3 33. Rxf6+ gxf6
34. Qxh6+ Qg7 35. Qxg7+ Kxg7 36. Bd3 Nc4 37. Rb1 Re3 38. Bf5 Kh6 39. h3 Kg5 40.
Bg4 Re4 41. Ne6+ Kh6 42. Nc7 Bb7 43. Nxb5 Re3 44. Nd4 Rd3 45. Nf3 d4 46. Bd7
Bxf3 47. gxf3 Rxf3 48. Kg2 Rb3 49. Bxa4 Rxb2+ 50. Rxb2 Nxb2 51. Bb3 Nd3 52. a4
Nc5 53. Bd1 Kg5 54. Kg3 d3 55. h4+ Kg6 56. a5 f5 57. h5+ Kg5 1/2-1/2

[Event "5ème open de Provence (B)"]
[Site "Salon de Provence"]
[Date "2014.??.??"]
[Round "7.9"]
[White "Porte, Jacques"]
[Black "Mars, Theo"]
[Result "1-0"]
[WhiteElo "1487"]
[BlackElo "1449"]
[PlyCount "93"]
[EventDate "2014.??.??"]

1. d4 d5 2. Nf3 c6 3. Nc3 Nf6 4. Bf4 Bf5 5. e3 e6 6. Be2 Bd6 7. Bg5 h6 8. Bh4
O-O 9. Ne5 Be7 10. g4 Bh7 11. Qd2 Ne4 12. Bxe7 Qxe7 13. Nxe4 Bxe4 14. f3 Qh4+
15. Kd1 Bh7 16. Qe1 Qxe1+ 17. Rxe1 Rd8 18. h4 Nd7 19. f4 Nxe5 20. fxe5 Rd7 21.
g5 hxg5 22. hxg5 Be4 23. Kd2 g6 24. Bd3 Bxd3 25. cxd3 Kg7 26. Rh1 Rh8 27. Rxh8
Kxh8 28. b4 b5 29. Rc1 Rc7 30. e4 Kg7 31. a3 Kf8 32. Kc3 Ke7 33. Kb3 Rc8 34.
exd5 exd5 35. Re1 Rd8 36. Rf1 Rc8 37. Rf6 Rc7 38. Kc2 Rc8 39. Kd2 Rc7 40. Ke3
Rc8 41. Kf4 a6 42. e6 Rf8 43. Ke5 fxe6 44. Rxe6+ Kf7 45. Rf6+ Kg7 46. Rxf8 Kxf8
47. Kf6 1-0

[Event "5ème open de Provence (B)"]
[Site "Salon de Provence"]
[Date "2014.??.??"]
[Round "7.10"]
[White "Loi, Emmanuel"]
[Black "Achard-Rozan, Celian"]
[Result "0-1"]
[WhiteElo "1271"]
[BlackElo "1330"]
[PlyCount "42"]
[EventDate "2014.??.??"]

1. d4 Nf6 2. c4 e6 3. Nc3 Bb4 4. Bd2 d5 5. f3 O-O 6. e4 dxe4 7. Be3 exf3 8.
Nxf3 b6 9. h3 Bb7 10. Qc2 Nbd7 11. O-O-O Qe7 12. Rg1 c5 13. Bg5 h6 14. Bh4 Qd6
15. Kb1 Qf4 16. d5 Bxc3 17. Bxf6 Nxf6 18. bxc3 exd5 19. Bd3 dxc4 20. Bxc4 Qxc4
21. Ne5 Qe4 0-1

[Event "5ème open de Provence (B)"]
[Site "Salon de Provence"]
[Date "2014.??.??"]
[Round "7.11"]
[White "Billon-Blouin, Colin"]
[Black "Grima-Flores, Jose"]
[Result "1-0"]
[WhiteElo "1284"]
[BlackElo "1340"]
[PlyCount "75"]
[EventDate "2014.??.??"]

1. e4 d5 2. exd5 Qxd5 3. Nc3 Qd6 4. Nb5 Qd8 5. d4 a6 6. Nc3 Nf6 7. Nf3 c6 8.
Bc4 e6 9. O-O Bb4 10. Bg5 Bxc3 11. bxc3 O-O 12. Nd2 Nbd7 13. Ne4 Re8 14. Rb1 b5
15. Bd3 Bb7 16. Nd6 Rf8 17. Nxb7 Qc7 18. Nc5 Nxc5 19. dxc5 Qe7 20. Qf3 h6 21.
Bxf6 gxf6 22. Qxc6 Rfc8 23. Qf3 f5 24. Qe3 Qf8 25. Rb4 Rxc5 26. Rh4 Kh7 27.
Rxh6+ Qxh6 28. Qxc5 Rh8 29. Qe3 Qf6 30. c4 bxc4 31. Bxc4 a5 32. Bb3 Rg8 33. Rd1
Qh4 34. Rd3 Qf6 35. Qh3+ Kg7 36. Rg3+ Kf8 37. Rxg8+ Ke7 38. Qh8 1-0

[Event "5ème open de Provence (B)"]
[Site "Salon de Provence"]
[Date "2014.??.??"]
[Round "7.12"]
[White "Villevieille, Lucas"]
[Black "Goeau, Aurelice"]
[Result "1/2-1/2"]
[WhiteElo "1338"]
[BlackElo "1232"]
[PlyCount "88"]
[EventDate "2014.??.??"]

1. d4 Nf6 2. c4 g6 3. Nc3 Bg7 4. e4 d6 5. Nf3 Nbd7 6. Be2 O-O 7. O-O e5 8. d5
Nc5 9. Nd2 a5 10. f3 Bd7 11. Nb3 Ba4 12. Nxa4 Nxa4 13. Qc2 Nd7 14. Be3 b6 15.
Rac1 Ndc5 16. Nxc5 Nxc5 17. Bxc5 bxc5 18. Qd3 Qg5 19. Rc3 Rfb8 20. Rb3 a4 21.
Rxb8+ Rxb8 22. Rb1 Bh6 23. Bd1 Qe3+ 24. Qxe3 Bxe3+ 25. Kf1 Ra8 26. Ke2 Bd4 27.
Kd3 a3 28. b4 Bb2 29. bxc5 dxc5 30. g3 Kg7 31. f4 Re8 32. Ba4 Re7 33. Rd1 f5
34. fxe5 fxe4+ 35. Kxe4 Rxe5+ 36. Kd3 Bd4 37. Bb5 Re3+ 38. Kd2 Rf3 39. Kc2 Rf2+
40. Rd2 Rxd2+ 41. Kxd2 Kf6 42. Ke2 g5 43. g4 Ke5 44. Kf3 Bc3 1/2-1/2